Dracula legenda se vrací /

Hlavní autor: Svoboda, Karel, 1938-2007
Další autoři: Borovec, Zdeněk, 1932-2001, Hes, Richard, 1963-2014, Hůlka, Daniel, 1968-, Korn, Jiří, 1949-, Bartošová, Iveta, 1966-2014
Jazyk: Čeština
Vydáno: Praha : EMI, p2003
Fyzický popis: 1 zvuková deska : digital ; 12 cm + 1 brožura [8 s.]
Zvukové nahrávky
Uloženo v:
LEADER 01632njm a2200361 a 4500
001 000681420
003 CZ BrMZK
005 20040622150235.0
007 sd fsngnnmmned
008 030812s2003 xr mc f cze d
028 0 1 |a 7243 5 84392 2 9  |b EMI 
040 |a BOA001  |b cze 
047 |a mc 
048 |a od  |b vu 
080 |a 792.57  |2 MRF 
080 |a (086.7)  |2 MRF 
100 1 |a Svoboda, Karel,  |d 1938-2007  |7 jn19990218100  |4 cmp 
245 1 0 |a Dracula  |h [zvukový záznam] :  |b legenda se vrací /  |c muzikál Karla Svobody, Zdeňka Borovce a Richarda Hese 
260 |a Praha :  |b EMI,  |c p2003 
300 |a 1 zvuková deska :  |b digital ;  |c 12 cm +  |e 1 brožura [8 s.] 
500 |a Kompaktní deska 
500 |a Nahráno ve studiu Elektrovox Jevany, Largo, Hrnčíře a studiu Českého rozhlasu 
505 0 0 |t Předehra --  |t Džber a kord --  |t Vím, že jsi se mnou --  |t Šašek a Adriana --  |t Smrt --  |t Nespravedlivý Bůh --  |t Milování --  |t Stevenův monolog --  |t Jsi můj pán --  |t Dehybernace --  |t Prázdné casino --  |t Draculův monolog --  |t Lorraine v hrobce --  |t Hon na zlo 
511 0 |a Zpívají: Daniel Hůlka, Jiří Korn, Iveta Bartošová ... [et al.] 
655 4 |a muzikály 
700 1 |a Borovec, Zdeněk,  |d 1932-2001  |7 jk01012677  |4 lyr 
700 1 |a Hes, Richard,  |d 1963-2014  |7 jn19990009599  |4 adp 
700 1 |a Hůlka, Daniel,  |d 1968-  |7 jn20000401154  |4 prf 
700 1 |a Korn, Jiří,  |d 1949-  |7 jn19990209388  |4 prf 
700 1 |a Bartošová, Iveta,  |d 1966-2014  |7 jn19990201013  |4 prf 
910 |a BOA001  |b CD-0011.152 
990 |a AV 
996 6 |b 261H012209  |c CD-0011.152  |l MZK  |r Sklad / do 24 hodin  |n 0  |w 000681420  |u 000010  |a 1  |e BOA001  |j MZK50  |s P